000 00287nam a2200109Ia 4500
008 200302s9999 xx 000 0 und d
100 _aMaggie Toy
245 _aArchitecturel Design New Practice in Urban Design
260 _bAcademy Edition Group Ltd.
260 _c1993
300 _a93 P.,
999 _c5467
_d5467